Pracovná zmluva a jej náležitosti

Pracovná zmluva ako jeden z najdôležitejších inštitútov pracovného práva, ktorý je predpokladom vzniku pracovného pomeru, zakladá pracovný pomer medzi zamestnávateľom a zamestnancom. Náležitosti pracovnej zmluvy. Vzor Pracovnej zmluvy.

Guardado en:
Detalles Bibliográficos
Autor principal: Kováčová, Jana
Formato: Capítulo de libro
Lenguaje:eslovaco
Materias:
Etiquetas: Agregar Etiqueta
Sin Etiquetas, Sea el primero en etiquetar este registro!

MARC

LEADER 00000naa$a2200000$$$4500
001 0054280
005 20231120105716.1
041 0 |a slo 
044 |a SK 
245 1 0 |a Pracovná zmluva a jej náležitosti  |c Jana Kováčová 
520 |a Pracovná zmluva ako jeden z najdôležitejších inštitútov pracovného práva, ktorý je predpokladom vzniku pracovného pomeru, zakladá pracovný pomer medzi zamestnávateľom a zamestnancom. Náležitosti pracovnej zmluvy. Vzor Pracovnej zmluvy. 
610 2 0 |a právo pracovné 
610 2 0 |a zmluvy pracovné 
610 2 0 |a pomer pracovný 
100 1 |a Kováčová, Jana